Clearer town centre retail development policy (Record no. 72495)
[ view plain ]
| 000 -LEADER | |
|---|---|
| fixed length control field | 01409cam a2200253 4500 |
| 001 - CONTROL NUMBER | |
| control field | WB3915-19 |
| 008 - FIXED-LENGTH DATA ELEMENTS--GENERAL INFORMATION | |
| fixed length control field | 030415n2003 000 0 eng u |
| 035 ## - SYSTEM CONTROL NUMBER | |
| System control number | (Sirsi) u121991 |
| 245 ## - TITLE STATEMENT | |
| Title | Clearer town centre retail development policy |
| 260 ## - PUBLICATION, DISTRIBUTION, ETC. | |
| Date of publication, distribution, etc. | 2003 |
| 490 ## - SERIES STATEMENT | |
| Series statement | ODPM News Release |
| Volume/sequential designation | (2003/0070) 11 April 2003 (4) |
| 520 ## - SUMMARY, ETC. | |
| Summary, etc. | A statement clarifying government policy on town centre retailing has been issued prior to a comprehensive update of "Town centres and retail developments" (PPG6) later in 2003. The policy has been successful in achieving a better balance between investment in town centres and out-of-town developments but has become increasingly difficult to implement. The statement deals with the tests that new retail and leisure developments have to satisfy before they can receive planning permission to build outside town or other centres. PPG6 is available at http://www.planning.odpm.gov.uk/ppg/ppg6/. The statement is at http://www.odpm.gov.uk/pns/DisplayPN.cgi?pn_id=2003_0070 |
| 590 ## - LOCAL NOTE (RLIN) | |
| Local note | WB |
| 650 ## - SUBJECT ADDED ENTRY--TOPICAL TERM | |
| Topical term or geographic name entry element | TOWN CENTRES |
| 650 ## - SUBJECT ADDED ENTRY--TOPICAL TERM | |
| Topical term or geographic name entry element | RETAIL DEVELOPMENT |
| 650 ## - SUBJECT ADDED ENTRY--TOPICAL TERM | |
| Topical term or geographic name entry element | SUSTAINABLE DEVELOPMENT |
| 650 ## - SUBJECT ADDED ENTRY--TOPICAL TERM | |
| Topical term or geographic name entry element | PLANNING POLICY GUIDANCE NOTE SIX |
| 650 ## - SUBJECT ADDED ENTRY--TOPICAL TERM | |
| Topical term or geographic name entry element | OUT-OF-TOWN SHOPPING |
| 650 ## - SUBJECT ADDED ENTRY--TOPICAL TERM | |
| Topical term or geographic name entry element | LEISURE DEVELOPMENT |
| 650 ## - SUBJECT ADDED ENTRY--TOPICAL TERM | |
| Topical term or geographic name entry element | PPG11 |
| 650 ## - SUBJECT ADDED ENTRY--TOPICAL TERM | |
| Topical term or geographic name entry element | PLANNING POLICY GUIDANCE NOTE 13 |
| 690 ## - LOCAL SUBJECT ADDED ENTRY--TOPICAL TERM (OCLC, RLIN) | |
| Topical term or geographic name as entry element | ENVIRONMENTAL AND LAND CONSULTANCY-PLANNING AND DEVELOPMENT |
| 942 ## - ADDED ENTRY ELEMENTS (KOHA) | |
| Suppress in OPAC | 0 |
| Withdrawn status | Lost status | Source of classification or shelving scheme | Damaged status | Not for loan | Home library | Current library | Shelving location | Date acquired | Total Checkouts | Full call number | Barcode | Date last seen | Copy number | Price effective from | Koha item type |
|---|---|---|---|---|---|---|---|---|---|---|---|---|---|---|---|
| Dewey Decimal Classification | London | London | News article | 15/04/2003 | WB3915-19 | 121991-1001 | 06/08/2019 | 1 | 06/08/2019 | News article |